000 00567cam a22001457a 4500
008 180718b2003 xxu||||| |||| 00| 0 eng d
082 _aAPPPA 2002-03 DAS/8
100 _aDas, V.P.L.
245 _aStudy of compensatory risk-related allowances granted to armed forces personnel engaged in various operations
_cby V.P.L. Das
260 _aNew Delhi
_bIndian Institute of Public Administration
_c2003
300 _a72p.
500 _aAn APPPA M.Phil dissertation, 2002-03 (Guide: J. Guha Roy)
650 _aAPPPA
650 _aArmed forces - Personnel management - India
999 _c492683
_d492683